| 000 | 00382 a2200157 4500 | ||
|---|---|---|---|
| 001 | 75372 | ||
| 020 | _a978-1-4169-9632-1 | ||
| 040 | _cAnchieta - Colégio São Paulo | ||
| 100 | _aBRITTO, Romero | ||
| 240 | 1 | 0 |
_aWhere is friendship bear? _lpor |
| 245 | 1 | 0 | _aWhere is friendship bear? |
| 300 | _a[16] | ||
| 362 | 0 | _a2010 | |
| 650 | 4 | _aLiteratura infantil em inglês | |
| 942 | _cBK | ||
| 999 |
_c75372 _d75372 |
||